World cities that are more than 300km from the sea - Statistics

General Stats
  • This quiz has been taken 40 times
    36 since last reset
  • The average score is 20 of 27
Answers on the Map
Answers color-coded by a green-red scale on the quiz's map according to % correct below.
 
Answer Stats
Population Agglomeration % Correct
10.2 m Bogotá
100%
18.8 m Moscow
100%
9.9 m Chicago
97%
7.55 m Dallas
97%
5.85 m Detroit
97%
7.5 m Baghdad
94%
33.4 m Delhi
94%
15.0 m Kinshasa
94%
16.2 m Tehran
94%
6.55 m Nairobi
90%
7.55 m Toronto
90%
14.8 m Johannesburg
87%
9.15 m Riyadh
87%
6.1 m Atlanta
84%
6.85 m Khartoum
84%
14.4 m Lahore
81%
11.8 m Wuhan
74%
16.6 m Chengdu
68%
12.3 m Xi'an
68%
10.5 m Chongqing
65%
5.2 m Kano
65%
5.4 m Harbin
61%
6.25 Kunming
45%
10.5 m Changsha
35%
9.45 m Zhengzhou
32%
7.5 m Hefei
29%
5.75 m Taiyuan
26%
No matching quizzes found
Score Distribution
Percent of People with Each Score
Percentile by Number Answered
Your Score History
You have not taken this quiz since the last reset